000
00257nam a2200097Ia 4500
001
999450
005
20250826221601.0
008
250824s9999 xx 000 0 und d
245
0
_a
MASKESİZ BEŞLER KIRMIZI ŞERİFİN PEŞİNDE
_c
TİNA ZANG
260
_b
PARODİ
999
_c
999450
_d
999450